Crash: How Long Will It Last? (Record no. 333244)
[ view plain ]
| 000 -LEADER | |
|---|---|
| fixed length control field | 00556nam a2200097Ia 4500 |
| 008 - FIXED-LENGTH DATA ELEMENTS--GENERAL INFORMATION | |
| fixed length control field | 170517s9999 xx 000 0 und d |
| 245 ## - TITLE STATEMENT | |
| Title | Crash: How Long Will It Last? |
| 300 ## - PHYSICAL DESCRIPTION | |
| Extent | In the second half of this special two-part Dispatches, economist and author Will Hutton continues the definitive insider's account of how Britain's economy went from boom to bust. Hutton reveals how those who tried to warn of the impending financial disaster were... |
| 650 ## - SUBJECT ADDED ENTRY--TOPICAL TERM | |
| General subdivision | Business and Economics. |
| 856 ## - ELECTRONIC LOCATION AND ACCESS | |
| Uniform Resource Identifier | <a href="http://topdocumentaryfilms.com/crash-how-long-will-it-last/">http://topdocumentaryfilms.com/crash-how-long-will-it-last/</a> |
| Withdrawn status | Lost status | Damaged status | Home library | Current library | Date acquired | Total Checkouts | Date last seen | Price effective from | Koha item type |
|---|---|---|---|---|---|---|---|---|---|
| College Library | College Library | 05/17/2017 | 05/17/2017 | 05/17/2017 | Documentary Films |